000
00290nam a2200097Ia 4500
001
660477
005
20250826160115.0
008
250824s9999 xx 000 0 und d
245
0
_a
ÖLMÜŞ BİR KADININ EVRAKI METRUKESİ ANTİK
_c
GÜZİDE SABRİ AYGÜN
260
_b
ANTİK DÜNYA KLASİKLERİ
999
_c
660477
_d
660477